[Event "Hamar Ridabu School A"]
[Site "Hamar"]
[Date "2019.11.07"]
[Round "5"]
[White "Kristiansen, Ole Jakob"]
[Black "Flermoen, Egil"]
[Result "1-0"]
[WhiteElo "1917"]
[BlackElo "1317"]
[PlyCount "57"]
[EventDate "2019.09.05"]
[EventType "swiss"]
[EventRounds "7"]
[EventCountry "NOR"]
[SourceTitle "EXT 2024"]
[Source "ChessBase"]
[SourceDate "2023.10.10"]
[SourceVersion "1"]
[SourceVersionDate "2023.10.10"]
[SourceQuality "1"]

1. c4 e6 2. Nc3 d5 3. d4 Nf6 4. Nf3 c5 5. Bg5 cxd4 6. Nxd4 Be7 7. e3 0-0 8. Be2 Nc6 9. 0-0 Bd7 10. Bxf6 Bxf6 11. cxd5 Nxd4 12. exd4 e5 13. dxe5 Bxe5 14. Bd3 Rc8 15. Qh5 f5 16. Rac1 Rf6 17. Qe2 Qe7 18. f4 Rxc3 19. bxc3 Bd4+ 20. cxd4 Qd8 21. Bb5 Rd6 22. Bxd7 Rxd7 23. Rfe1 Kf8 24. Qe6 Re7 25. Rc8 Rxe6 26. Rxd8+ Kf7 27. dxe6+ Kg6 28. e7 b5 29. Rd6+ 1-0